Was the Mandal Commission right? Differences in living standards between social groups (Record no. 93374)

000 -LEADER
fixed length control field 00487pab a2200181 454500
008 - FIXED-LENGTH DATA ELEMENTS--GENERAL INFORMATION
fixed length control field 180718b2011 xxu||||| |||| 00| 0 eng d
100 ## - MAIN ENTRY--PERSONAL NAME
Personal name Gang, Ira N.
245 ## - TITLE STATEMENT
Title Was the Mandal Commission right? Differences in living standards between social groups
260 ## - PUBLICATION, DISTRIBUTION, ETC.
Date of publication, distribution, etc. 2011
300 ## - PHYSICAL DESCRIPTION
Extent p.43-51.
362 ## - DATES OF PUBLICATION AND/OR SEQUENTIAL DESIGNATION
Dates of publication and/or sequential designation 24 Sep
650 ## - SUBJECT ADDED ENTRY--TOPICAL TERM
Topical term or geographic name entry element Standard of living
700 ## - ADDED ENTRY--PERSONAL NAME
Personal name Yun, Myeong-Su
700 ## - ADDED ENTRY--PERSONAL NAME
Personal name Sen, Kunal
773 ## - HOST ITEM ENTRY
Main entry heading Economic and Political Weekly
908 ## - PUT COMMAND PARAMETER (RLIN)
Put command parameter N
909 ## -
-- 93374
Holdings
Withdrawn status Lost status Damaged status Not for loan Permanent Location Current Location Date acquired Serial Enumeration / chronology Barcode Date last seen Price effective from Koha item type
        Indian Institute of Public Administration Indian Institute of Public Administration 2018-07-19 Volume no: 46, Issue no: 39 AR93834 2018-07-19 2018-07-19 Articles

Powered by Koha